| 000 | 00667nam a22001577a 4500 | ||
|---|---|---|---|
| 003 | OSt | ||
| 005 | 20151204111257.0 | ||
| 008 | 151204b xxu||||| |||| 00| 0 eng d | ||
| 040 | _cRUA | ||
| 082 | _aFIS OUM 2007 B179 Or.1 | ||
| 100 |
_94268 _aOUM SAMKADA; អ៊ុំ សក្ដា. |
||
| 245 | _aProduction and fish paste (prohok)market in kampong chhang and siem reap province, ផលិតកម្ម និង ចរាចរផលតិផលប្រហុកនៅ ខេត្តកំពង់ឆ្នំាង និង ខេត្តសៀមរាប. | ||
| 260 |
_aPhnom Penh _bRUA _c2007 |
||
| 300 |
_ax; 42p. _bill. _c29cm. |
||
| 942 |
_2ddc _cFIS |
||
| 999 |
_c3983 _d3983 |
||